=LDR 00000nam 2200000 4500 =001 INLIS000000000015399 =005 20130612110659 =008 ***********************************Ind** =035 ##$$0010-061300000015399 =041 ##$$a Ind =082 ##$$a 623.820.959.822 =090 ##$$a 623.820.959.822, WAU-j =100 ##$$a Waugania,Jopie =245 ##$$a Jenis-jenis Perahu di Pantai Utara Jawa-Madura =260 ##$$a 1981 $b Jakarta =300 ##$$a VII, 207 hlm, Ilus, 21 cm =650 ##$$a Perahu, Jawa-Madura =850 ##$$a NBPNMAT